Library Logo

Pioneer International University Library Catalogue

Posa za Bikisiwa / (Record no. 9451)

MARC details
000 -LEADER
fixed length control field 00747cam a22002657a 4500
001 - CONTROL NUMBER
control field 15662246
003 - CONTROL NUMBER IDENTIFIER
control field OSt
005 - DATE AND TIME OF LATEST TRANSACTION
control field 20250901165814.0
008 - FIXED-LENGTH DATA ELEMENTS--GENERAL INFORMATION
fixed length control field 090317s2008 ke 000 d swa
010 ## - LIBRARY OF CONGRESS CONTROL NUMBER
LC control number 2009349242
020 ## - INTERNATIONAL STANDARD BOOK NUMBER
Canceled/invalid ISBN 9789966363106
040 ## - CATALOGING SOURCE
Original cataloging agency DLC
Transcribing agency DLC
042 ## - AUTHENTICATION CODE
Authentication code lcode
050 00 - LIBRARY OF CONGRESS CALL NUMBER
Classification number PL 8702 .M64 2008
100 1# - MAIN ENTRY--PERSONAL NAME
Personal name Mohamed, Said Ahmed,
Dates associated with a name 1947-
245 10 - TITLE STATEMENT
Title Posa za Bikisiwa /
Statement of responsibility, etc. Said A. Mohamed, Kitula G. King'ei.
260 ## - PUBLICATION, DISTRIBUTION, ETC.
Place of publication, distribution, etc. Nairobi :
Name of publisher, distributor, etc. Sasa Sema,
Date of publication, distribution, etc. 2008.
300 ## - PHYSICAL DESCRIPTION
Extent 80 p. ;
Dimensions 21 cm.
520 ## - SUMMARY, ETC.
Summary, etc. A play.
546 ## - LANGUAGE NOTE
Language note In Swahili.
700 1# - ADDED ENTRY--PERSONAL NAME
Personal name King'ei, Kitula G.
906 ## - LOCAL DATA ELEMENT F, LDF (RLIN)
a 7
b cbc
c origode
d 4
e ncip
f 20
g y-gencatlg
942 ## - ADDED ENTRY ELEMENTS (KOHA)
Source of classification or shelving scheme Library of Congress Classification
Koha item type Books
Holdings
Withdrawn status Lost status Source of classification or shelving scheme Damaged status Not for loan Collection Home library Current library Shelving location Date acquired Source of acquisition Total checkouts Full call number Barcode Date last seen Copy number Price effective from Koha item type Date last checked out
    Library of Congress Classification       Main Library Main Library   03/21/2025 Donation from KICD   PL 8702 .M64 2008 PIUD0000482 03/28/2025 1 03/28/2025 Books  
    Library of Congress Classification       Main Library PIU Library   03/21/2025 Donation from KICD 1 PL 8702 .M64 2008 PIUD0000483 10/22/2025 2 03/28/2025 Books 09/23/2025